El espejo roto
Uloženo v:
| Hlavní autoři: | , |
|---|---|
| Médium: | Kniha |
| Jazyk: | španělština |
| Vydáno: |
Santiago
LOM
2010
|
| Vydání: | 1a. ed |
| Edice: | Colección Narrativa
|
| Témata: | |
| Tagy: |
Přidat tag
Žádné tagy, Buďte první, kdo vytvoří štítek k tomuto záznamu!
|
MARC
| LEADER | 00000cam a2200000 a 4500 | ||
|---|---|---|---|
| 001 | UCG9940 | ||
| 003 | CL-VaPUC | ||
| 008 | 120420e20100000CL |||||||||||||||||spa|d | ||
| 020 | |a 9789560002136 | ||
| 082 | 0 | 4 | |a Ch863 |b GAR |2 21 |
| 100 | |a García-Huidobro, Beatriz |e author |9 568918 | ||
| 700 | |a García-Huidobro Moroder, María Beatriz |e author |9 561709 | ||
| 245 | 1 | 3 | |a El espejo roto |
| 250 | |a 1a. ed | ||
| 300 | |a 131 p | ||
| 942 | |c BK | ||
| 945 | |d 20120420 00:00:00 |a cmena | ||
| 260 | |a Santiago |b LOM |c 2010 | ||
| 500 | |a En pasajes breves se van entrelazando la vida y recuerdos de tres mujeres relacionadas por un pasado común que solo se manifiesta al final. Son las voces de mujeres y sus vínculos poderosos y determinantes con los otros. Filiaciones por ausencia, por rencor y miedo, por omisión. | ||
| 500 | |a Sus particulares historias fragmentadas, de a poco reveladas, descubren los srecretos duros, las penas enquistadas, la soledad más radical. Cada una de ellas, a su manera y en su entorno, sobrelleva su existencia en una suerte de cautiverio impuesto y autoimpuesto que las obliga a arrastrar sus frustraciones y derrotas, sus amores inexistentes o perdidos, sus recuerdos, los engaños, el abuso impune en el mayor de los silencios | ||
| 650 | 0 | |a Novelas chilenas |9 265425 | |
| 650 | 0 | |a Literatura chilena |9 308278 | |
| 583 | |a last modification |c 20120801 04:46:58 |k Rodrigo Vera | ||
| 490 | 0 | |a Colección Narrativa | |
| 999 | |c 347466 |d 347464 | ||
| 952 | |0 0 |1 0 |4 0 |6 CH_863_000000000000000_GAR_2010 |7 0 |8 A |9 448810 |a FDOPOS |b FDOPOS |d 2019-11-22 |i 4813987 |o Ch863 GAR 2010 |p 4813987 |r 2025-01-22 |w 2019-11-22 |y BK |k DLH | ||
| 952 | |0 0 |1 0 |4 0 |6 CH_863_000000000000000_GAR_2010 |7 0 |8 A |9 448811 |a BIBING |b BIBING |d 2019-11-22 |i 4871200 |l 4 |o Ch863 GAR 2010 |p 4871200 |r 2025-01-20 |s 2024-08-29 |w 2019-11-22 |y BK |k CUI | ||